MARC

LEADER 00000nam0a2200000 4500
001 270428
005 20231101234338.0
035 |a (RuTPU)RU\TPU\book\293609 
090 |a 270428 
100 |a 20140926d1986 k y0rusy5003 ca 
101 0 |a rus 
102 |a RU 
105 |a a z 001zy 
200 1 |a Строительство шахт, рудников и подземных сооружений  |e межвузовский научный тематический сборник  |f Свердловский горный институт им. В. В. Вахрушева ; под ред. А. С. Щукина ; Б. Ф. Горбунова 
210 |a Свердловск  |c Изд-во Уральского ун-та  |d 1986 
215 |a 112 с.  |c ил. 
320 |a Библиогр. в конце ст. 
606 1 |a Шахтное строительство  |x Внедрение передовой технологии и техники  |2 stltpush  |3 (RuTPU)RU\TPU\subj\19040  |9 44365 
610 1 |a горное дело 
610 1 |a шахты 
610 1 |a рудники 
610 1 |a подземные сооружения 
610 1 |a горные выработки 
610 1 |a крепи 
610 1 |a горизонтальные горные выработки 
610 1 |a вертикальные шахтные стволы 
610 1 |a колонки 
610 1 |a угольные шахты 
610 1 |a проходка 
610 1 |a взрывные работы 
610 1 |a тампонажное оборудование 
610 1 |a научные труды 
675 |a 622.012.2:69  |v 3 
702 1 |a Щукин  |b А. С.  |g Александр Семенович  |4 340 
702 1 |a Горбунов  |b Б. Ф.  |4 340 
712 0 2 |a Свердловский горный институт им. В. В. Вахрушева  |c (1934-1991)  |2 stltpush  |3 (RuTPU)RU\TPU\col\6743  |9 24264 
801 0 |a RU  |b RuMRKP  |c 19950417  |g psbo 
801 1 |a RU  |b 63413507  |c 20140926 
801 2 |a RU  |b 63413507  |c 20170307  |g RCR 
942 |c BK